000 00590nam a2200193Ia 4500
005 20260114185833.0
008 008 260114s9999 xx 000 0 eng d
020 _a9781472549334
037 _aEBOOK
040 _aCRL
_beng
_cCRL
041 _aeng
_2eng
084 _qCRL
100 _aConrad Ostwalt
_9875006
245 0 _aSecular Steeples 2nd edition Popular Culture and the Religious Imagination
260 _bBloomsbury
_c2012
856 _uhttps://doi.org/10.5040/9781472549334?locatt=label:secondary_bloomsburyCollections
942 _cEBOOK
999 _c1473940
_d1473940